1430 1348 1739 1366 1670 1349 1655 1647 1864 1243 1876 1219 1507 1355 1533 1261 1850 1939 1487 1668 1088 1413 1426 1489 1244 1851 1565 1610 1218 1211 1200 1715 1083 1638 1959 1727 1324 1790 1200 1039 1011 1564 1961 1647 1139 1930 1332 1389 1297 1986 1334 1302 1852 1407 1371 1496 1337 1959 1233 1477 1465 1712 1050 1212 1128 1604 1910 1120 2000 1813 1975 1754 1368 1610 1318 1974 1493 1580 1788 1892 1990 1378 1402 1661 1025 1772 1782 1312 1238 1751 1008 1340 1411 1046 1712 1114 1434 1601 1991 BCNSPRNW ULIB Ver.6.0+V

เปลี่ยนเป็นภาษาไทย

Change to English
 แสดงรายละเอียดบรรณานุกรม
  กลับหน้าหลัก

Brief Record : Get Marc (ISO 2709) : E-mail record : QR code < ปิดหน้าต่าง
LEADER : 00000nam 2200000uu 4500
001    13399113687
003     ULIB
008    111215s||||||||th 000 0 tha d
020    ^a9789062400
090    ^aนว.^bก892จ 2553
100 0  แก้วชวาลา
245 00 เจ้าสาวผยศรัก/^cแก้วชวาลา
250    พิมพ์ครั้งที่ 1
260    กรุงเทพฯ :^bแก้วชวาลา,^c25553
300    400 หน้า
710 1  แก้วชวาลา
945    ^p279^l0^i028036
995    ทศพร
999 ^a ทศพร
รายการนี้ยังไม่มีแท็ก
คุณยังไม่ได้ล็อกอิน คุณสามารถมีกิจกรรมร่วมกับเว็บไซต์ได้ แต่ต้องล็อกอินก่อน ::
  ล็อกอิน

รายการสื่อสารสนเทศ

ลำดับที่ ประเภท เลขเรียก/บาร์โค้ด สถานที่ สถานะ
1. นวนิยาย
นวนิยาย
นว. ก892จ 2553 ฉ.1 
  Barcode: 028036
ห้องสมุดวิทยาเขตสวรรค์ประชารักษ์
►นวนิยาย
บนชั้น
  ขอยืม

รายการใกล้เคียง
    ผู้แต่ง [แก้วชวาลา]

BibComment


ยังไม่เคยถูกคอมเมนท์

คอมเมนท์ทรัพยากรรายการนี้
  คอมเมนท์: เจ้าสาวผยศรัก แก้..


 Copyright 2026. Bcnsprnw @Library